000 00871nam a22002531u 4500
001 04178
003 HDC
007 cr cn ---aaaaa
008 210115p2015 -uk fo d 00 engg
040 _aHDC
245 0 _aGuidance for all doctors who offer cosmetic interventions: a public consultation on our draft guidance
260 _aUK:
_bGeneral Medical Council,
_c2015
300 _a44 pages :
_billustrations
336 _atext
_2rdacontent
337 _acomputer
_2rdamedia
338 _aonline resource
_2rdacarrier
650 _acosmetic interventions
_94236
650 _adraft guidance
_94237
650 _aMedical
_91646
856 _zRequest full-text at [email protected]
942 _2lcc
942 _cEIS
942 _kREPT 000150
999 _c1503
_d1503